Notifikácie technických predpisov vzťahujúcich sa na výrobky a na služby informačných spoločností

Informácie o povinnostiach , ktoré vyplývajú z právnych dokumentov, prijatých pri preberaní smerníc Európskeho parlamentu do právneho poriadku SR v oblasti poskytovania informácií o technických normách a predpisoch a o službách informačnej spoločnosti. Požiadavky na výrobok. Notifikácia. Notifikácie...

Descripción completa

Guardado en:
Detalles Bibliográficos
Autor principal: Kristová, Ľudmila
Formato: Capítulo de libro
Lenguaje:eslovaco
Materias:
Etiquetas: Agregar Etiqueta
Sin Etiquetas, Sea el primero en etiquetar este registro!

MARC

LEADER 00000naa$a2200000$$$4500
001 0047148
005 20240502071538.5
041 0 |a slo 
044 |a SK 
245 1 0 |a Notifikácie technických predpisov vzťahujúcich sa na výrobky a na služby informačných spoločností  |c Ľudmila Kristová 
520 |a Informácie o povinnostiach , ktoré vyplývajú z právnych dokumentov, prijatých pri preberaní smerníc Európskeho parlamentu do právneho poriadku SR v oblasti poskytovania informácií o technických normách a predpisoch a o službách informačnej spoločnosti. Požiadavky na výrobok. Notifikácia. Notifikácie WTO. Referenčný odkaz. Referenčný odkaz a notifikácie. 
610 2 0 |a Slovensko 
610 2 0 |a spoločnosť informačná 
610 2 0 |a predpisy právne 
610 2 0 |a normy technické 
610 2 0 |a harmonizácia 
610 2 0 |a informácie 
610 2 0 |a Európska únia 
610 2 0 |a notifikácia 
610 2 0 |a výrobky 
610 2 0 |a služby 
100 1 |a Kristová, Ľudmila